000 00257nam a22001217a 4500
082 _a824
_bGAB/C
100 _aGABA,AMISH
245 _aCOOL SCHOOL ESSAYS
260 _aDELHI
_bBLACK ROSE PUBLICATIONS
300 _a224
650 _aESSAY
_zDELHI
942 _cBK
999 _c3718
_d3718